[Event "Montreal Vendredi 10"]
[Site "Montreal"]
[Date "2016.10.19"]
[Round "1"]
[White "Chiku Ratte, Olivier Kenta"]
[Black "Leveille, Francois"]
[Result "1-0"]
[WhiteElo "2439"]
[BlackElo "2336"]
[PlyCount "79"]
[EventDate "2016.10.19"]
[EventType "tourn"]
[EventRounds "3"]
[EventCountry "CAN"]
[SourceTitle "EXT 2022"]
[Source "ChessBase"]
[SourceDate "2021.10.06"]
[SourceVersion "1"]
[SourceVersionDate "2021.10.06"]
[SourceQuality "1"]

1. d4 Nf6 2. c4 c5 3. d5 e5 4. Nc3 d6 5. g3 Be7 6. Bg2 0-0 7. e4 Ne8 8. Nge2 Nd7 9. 0-0 a6 10. a4 b6 11. f4 Rb8 12. Qd3 Nc7 13. Be3 Re8 14. Rad1 Bf8 15. b3 b5 16. axb5 axb5 17. Nxb5 Nxb5 18. cxb5 exf4 19. gxf4 Nf6 20. b4 cxb4 21. Nd4 Ng4 22. Bd2 Qh4 23. h3 Nf6 24. Nc6 Ra8 25. Be1 Qh5 26. Bxb4 Nxe4 27. Bxe4 Bxh3 28. Bf3 Qh4 29. Rf2 g6 30. b6 Qxf4 31. Bg2 Qg4 32. b7 Rab8 33. Nxb8 Bxg2 34. Rxg2 Qxb4 35. Nd7 Re1+ 36. Rxe1 Qxe1+ 37. Qf1 Qe3+ 38. Rf2 Qg5+ 39. Qg2 Qc1+ 40. Kh2 1-0

[Event "Montreal Mercredi 08"]
[Site "Montreal"]
[Date "2016.09.28"]
[Round "5"]
[White "Leveille, Francois"]
[Black "Soudre, Nicolas"]
[Result "1/2-1/2"]
[WhiteElo "2357"]
[BlackElo "2208"]
[PlyCount "108"]
[EventDate "2016.08.31"]
[EventType "swiss"]
[EventRounds "5"]
[EventCountry "CAN"]
[SourceTitle "EXT 2022"]
[Source "ChessBase"]
[SourceDate "2021.10.06"]
[SourceVersion "1"]
[SourceVersionDate "2021.10.06"]
[SourceQuality "1"]

1. e4 e5 2. Nf3 Nc6 3. Bb5 Nf6 4. Nc3 Nd4 5. Ba4 Bc5 6. Nxe5 0-0 7. Nd3 Bb6 8. e5 Ne8 9. Nd5 d6 10. Ne3 Qg5 11. h4 Qg6 12. Kf1 Qe4 13. Qh5 Nf5 14. b4 dxe5 15. Bb3 Nf6 16. Qf3 Qxf3 17. gxf3 Nxe3+ 18. dxe3 e4 19. Nf4 c6 20. Bb2 Bd8 21. Rg1 exf3 22. h5 h6 23. Rd1 Kh8 24. Bxf7 Bh3+ 25. Nxh3 Rxf7 26. Nf4 a5 27. bxa5 Kh7 28. Rd3 Bc7 29. Ne6 Rxa5 30. Nxg7 Rxa2 31. Bxf6 Rxf6 32. Rd1 Rf7 33. Ne6 Be5 34. c4 b5 35. cxb5 cxb5 36. Rg4 Ra6 37. Nc5 Rc6 38. Nb3 Bg7 39. Rb4 Rf5 40. Nd4 Bxd4 41. Rbxd4 Rxh5 42. Rd7+ Kg6 43. Ke1 Rh1+ 44. Kd2 Rxd1+ 45. Kxd1 h5 46. Rd5 Rb6 47. Kc2 h4 48. Kb3 Rb8 49. Kb4 h3 50. Rd1 Kf5 51. Rd5+ Kg6 52. Rd6+ Kg5 53. Rd5+ Kg6 54. Rd6+ Kg5 1/2-1/2

[Event "Montreal Mercredi 08"]
[Site "Montreal"]
[Date "2016.09.14"]
[Round "3"]
[White "Leveille, Francois"]
[Black "Chiku Ratte, Olivier Kenta"]
[Result "0-1"]
[WhiteElo "2357"]
[BlackElo "2430"]
[PlyCount "68"]
[EventDate "2016.08.31"]
[EventType "swiss"]
[EventRounds "5"]
[EventCountry "CAN"]
[SourceTitle "EXT 2022"]
[Source "ChessBase"]
[SourceDate "2021.10.06"]
[SourceVersion "1"]
[SourceVersionDate "2021.10.06"]
[SourceQuality "1"]

1. g3 Nf6 2. Bg2 c5 3. e4 Nc6 4. d3 g6 5. Nc3 d6 6. h3 Bg7 7. Be3 0-0 8. Qd2 Re8 9. Nge2 Nd7 10. Bh6 Bh8 11. h4 Nde5 12. f3 e6 13. h5 Rb8 14. hxg6 fxg6 15. Bg5 Qc7 16. a3 b5 17. Rb1 a5 18. a4 bxa4 19. Nxa4 Nd4 20. 0-0 Nec6 21. c3 Nxe2+ 22. Qxe2 Ba6 23. Rf2 Ne5 24. Rd1 Qc6 25. Qc2 Bxd3 26. Rxd3 Nxd3 27. Qxd3 Qxa4 28. Qxd6 Rxb2 29. Rxb2 Qa1+ 30. Bf1 Qxb2 31. Qd7 Qb8 32. Bb5 Qxg3+ 33. Kh1 Qxf3+ 34. Kg1 Qg4+ 0-1

[Event "Montreal op"]
[Site "Montreal"]
[Date "2016.09.11"]
[Round "4"]
[White "Allard, Laurent"]
[Black "Leveille, Francois"]
[Result "0-1"]
[WhiteElo "2007"]
[BlackElo "2281"]
[PlyCount "116"]
[EventDate "2016.09.09"]
[EventType "swiss"]
[EventRounds "5"]
[EventCountry "CAN"]
[SourceTitle "CBM 174 Extra"]
[Source "ChessBase"]
[SourceDate "2016.10.10"]
[SourceVersion "1"]
[SourceVersionDate "2016.10.10"]
[SourceQuality "1"]

1. e4 g6 2. d4 Bg7 3. Nc3 d6 4. Be3 a6 5. Qd2 Nd7 6. 0-0-0 b5 7. Nf3 Bb7 8. Bd3 Rc8 9. d5 c5 10. dxc6 Bxc6 11. Kb1 Bb7 12. Nd4 Ngf6 13. Nb3 0-0 14. Bh6 Bxh6 15. Qxh6 Rxc3 16. bxc3 Nb6 17. h4 Na4 18. Qd2 Qc7 19. Rde1 Nxc3+ 20. Ka1 Ncxe4 21. Qa5 Rc8 22. Qxc7 Rxc7 23. f3 Nc3 24. Kb2 Kg7 25. Nd2 d5 26. Nb3 e6 27. Nd4 Bc8 28. g4 h5 29. g5 Ne8 30. f4 Nd6 31. a3 Nde4 32. Bxe4 Nxe4 33. Re3 Rc4 34. Rd1 Kf8 35. Ne2 Bb7 36. Rd4 Rc7 37. Ng3 Nd6 38. Rc3 Nc4+ 39. Kc1 Ke7 40. Nf1 Kd6 41. Rd1 Kc5 42. Nd2 Re7 43. Nb3+ Kb6 44. Re1 Rd7 45. Nd4 Rd6 46. Re2 Bc6 47. Rb3 Bd7 48. a4 Kc5 49. c3 Na5 50. Rb4 bxa4 51. Nf3 Bb5 52. Ra2 Rd7 53. Ne5 Rc7 54. Rf2 Nb3+ 55. Kb2 a5 56. Rxb3 axb3 57. Kxb3 Rb7 58. Rd2 Bc4+ 0-1